Zufälliges Symbol zum Element - Statistiken

Allgemein
  • Dieses Quiz wurde 4.475 mal gespielt
  • Das Durchschnittsergebnis liegt bei 10 aus 20
Antwortstatistiken
Symbol Element % Korrekt
Fe Eisen
95%
Mg Magnesium
94%
Na Natrium
94%
He Helium
93%
Cu Kupfer
93%
Li Lithium
93%
Br Brom
91%
Ca Calcium
90%
U Uran
90%
H Wasserstoff
90%
Au Gold
89%
Zn Zink
89%
O Sauerstoff
87%
Xe Xenon
87%
Al Aluminium
86%
Cl Chlor
86%
C Kohlenstoff
84%
Ni Nickel
84%
S Schwefel
84%
K Kalium
81%
Ar Argon
80%
Pb Blei
80%
I Iod
79%
Ag Silber
79%
B Bor
77%
Ga Gallium
77%
F Fluor
74%
N Stickstoff
74%
Ne Neon
73%
Ti Titan
73%
Cs Caesium
71%
Ra Radium
71%
Ba Barium
68%
Mn Mangan
68%
P Phosphor
68%
Co Cobalt
65%
Kr Krypton
65%
Se Selen
65%
Cr Chrom
62%
Ge Germanium
62%
Hg Quecksilber
62%
Rn Radon
62%
Ir Iridium
61%
W Wolfram
61%
As Arsen
60%
Be Beryllium
59%
Si Silicium
57%
Os Osmium
56%
Cd Cadmium
55%
Pt Platin
53%
Sn Zinn
53%
Fr Francium
49%
Te Tellur
48%
Po Polonium
47%
Rb Rubidium
47%
V Vanadium
47%
Pd Palladium
44%
Bi Bismut
43%
In Indium
43%
Rf Rutherfordium
43%
Y Yttrium
42%
Rh Rhodium
41%
Sc Scandium
38%
Mo Molybdän
37%
Zr Zirconium
37%
Eu Europium
36%
Hf Hafnium
36%
Nb Niob
36%
Sr Strontium
36%
Th Thorium
34%
Ds Darmstadtium
33%
At Astat
32%
Ce Cer
32%
Hs Hassium
31%
Np Neptunium
31%
Pu Plutonium
31%
Ta Tantal
31%
Og Oganesson
29%
Yb Ytterbium
29%
Tc Technetium
27%
Es Einsteinium
26%
La Lanthan
26%
Ac Actinium
25%
Ru Ruthenium
25%
Am Americium
24%
Cf Californium
24%
Fm Fermium
24%
Nd Neodym
24%
No Nobelium
24%
Re Rhenium
24%
Db Dubnium
23%
Lu Lutetium
23%
Sb Antimon
22%
Rg Roentgenium
22%
Tl Thallium
22%
Lr Lawrencium
21%
Er Erbium
20%
Mt Meitnerium
20%
Bh Bohrium
19%
Lv Livermorium
19%
Nh Nihonium
19%
Bk Berkelium
18%
Dy Dysprosium
18%
Ho Holmium
18%
Md Mendelevium
18%
Sm Samarium
18%
Cm Curium
17%
Sg Seaborgium
17%
Tb Terbium
17%
Gd Gadolinium
16%
Ts Tenness
16%
Mc Moscovium
15%
Pr Praseodym
15%
Fl Flerovium
13%
Pm Promethium
13%
Pa Protactinium
13%
Tm Thulium
13%
Cn Copernicium
11%
Keine übereinstimmenden Quizze gefunden
Verteilung der Resultate
Anzahl Personen mit jedem Resultat
Perzentil nach korrekt beantworteten Fragen
Ihre Resultats-Entwicklung
Sie haben dieses Quiz noch nicht gespielt